Vista normal Vista MARC

Entrada Geographic Name

Número de registros utilizados en: 1

001 - CONTROL NUMBER

  • control field: 12658

003 - CONTROL NUMBER IDENTIFIER

  • control field: OSt

005 - DATE AND TIME OF LATEST TRANSACTION

  • control field: 20210105100504.0

008 - FIXED-LENGTH DATA ELEMENTS

  • fixed length control field: 210105|| aca||aabn | a|a d

040 ## - CATALOGING SOURCE

  • Original cataloging agency: OSt
  • Transcribing agency: OSt

151 ## - HEADING--GEOGRAPHIC NAME

  • Geographic name: Venezuela
  • General subdivision: relaciones económicas exteriores
  • Geographic subdivision: Colombia

670 ## - SOURCE DATA FOUND

  • Source citation: Work cat.: (OSt)6195: Luna Pereira, Henry Orlando, autor 12655, Competitividad y generación de valor en la mediana empresa de la región de frontera colombo-venezolana /, 2013